LIBRARY & INFORMATION CENTRE, KCAET, TAVANUR

ONLINE PUBLIC ACCESS CATALOGUE (OPAC)

Rashtreeyam parayanullathanu / | രാഷ്ട്രീയം പറയാനുള്ളതാണ് (Record no. 19494)

MARC details
000 -LEADER
fixed length control field 00452nam a22001577a 4500
003 - CONTROL NUMBER IDENTIFIER
control field OSt
008 - FIXED-LENGTH DATA ELEMENTS--GENERAL INFORMATION
fixed length control field 250902b |||||||| |||| 00| 0 eng d
041 ## - LANGUAGE CODE
Language code of text/sound track or separate title eng
082 ## - DEWEY DECIMAL CLASSIFICATION NUMBER
Classification number 320
Item number JAL/RA
100 ## - MAIN ENTRY--AUTHOR NAME
Personal name Jaleel, K. T
245 ## - TITLE STATEMENT
Title Rashtreeyam parayanullathanu /
Remainder of title രാഷ്ട്രീയം പറയാനുള്ളതാണ്
260 ## - PUBLICATION, DISTRIBUTION, ETC. (IMPRINT)
Place of publication Kozhikode :
Name of publisher Progress Books,
Year of publication 2023.
300 ## - PHYSICAL DESCRIPTION
Number of Pages 223 p.
650 ## - SUBJECT ADDED ENTRY--TOPICAL TERM
Topical Term Politics
942 ## - ADDED ENTRY ELEMENTS (KOHA)
Koha item type Books
Holdings
Withdrawn status Lost status Damaged status Home library Current library Date acquired Source of acquisition Cost, normal purchase price Full call number Accession Number Koha item type
      KAUAET KAUAET 02/09/2025 Donated by KT Jaleel MLA 340.00 320 JAL/RA 26329 Books
free website counter